| 000 | 00588cam a2200169u 4500 | ||
|---|---|---|---|
| 082 |
_a356.162 _bARM |
||
| 100 | 1 |
_aArmstrong, Nevill Alexander Drummond. [from old catalog] _949728 |
|
| 245 | 1 | 0 | _aFieldcraft, sniping and intelligence, |
| 250 | _a5th ed. | ||
| 260 |
_aAldershot, _bGale & Polden limited _c[1942] |
||
| 300 |
_axv, 223 p. _bincl. illus. (part col.) tables, diagrs. plates (1 col.) _c19 cm. |
||
| 526 |
_a0 _b0 _c0 _d356_162000000000000_ARM |
||
| 650 | 0 |
_aMCE _9379 |
|
| 650 | 0 |
_aMilitary intelligence. _948697 |
|
| 650 | 0 |
_aScouting (Reconnaissance) _949729 |
|
| 942 |
_2ddc _cBK |
||
| 999 |
_c552504 _d552504 |
||